Memorias técnicas (Record no. 83790)
[ view plain ]
| 000 -CABECERA | |
|---|---|
| campo de control de longitud fija | 02637cam a2200517 a 4500 |
| 003 - IDENTIFICADOR DEL NÚMERO DE CONTROL | |
| campo de control | CHAP |
| 005 - FECHA Y HORA DE LA ÚLTIMA TRANSACCIÓN | |
| campo de control | 20220329142447.0 |
| 008 - DATOS DE LONGITUD FIJA--INFORMACIÓN GENERAL | |
| campo de control de longitud fija | 010322d1997 mx r 10100 spa d |
| 010 ## - NÚMERO DE CONTROL DE LA BIBLIOTECA DEL CONGRESO | |
| Número de control de LC | 83790 |
| 011 ## - ENLACE DEL NUMERO DE CONTROL DE LA BIBLIOTECA DEL CONGRESO [OBSOLETO] | |
| Número de control de LC | 84762 |
| 035 ## - NÚMERO DE CONTROL DEL SISTEMA | |
| Número de control de sistema | 95288 |
| 040 ## - FUENTE DE LA CATALOGACIÓN | |
| Centro/agencia transcriptor | CHAP |
| 082 04 - NÚMERO DE LA CLASIFICACIÓN DECIMAL DEWEY | |
| Número de clasificación | 628.16 |
| Número de documento/Ítem | C5 |
| 111 00 - ENTRADA PRINCIPAL--NOMBRE DE CONGRESO/REUNIÓN | |
| Nombre de congreso/reunión o jurisdicción como elemento de entrada | Congreso Nacional de Ingeniería Sanitaria y Ciencias Ambientales |
| Número del congreso/reunión o número de parte o sección | (11 |
| Fecha del congreso/reunión | : 1997 |
| Sede del congreso/Lugar de la reunión | : Zacatecas, Zac.) |
| 9 (RLIN) | 27022 |
| 245 10 - MENCIÓN DE TÍTULO | |
| Título | Memorias técnicas |
| Mención de responsabilidad, etc. | /por Federación Mexicana de Ingeniería Sanitaria y Ciencias Ambientales, A.C. |
| 260 ## - PUBLICACIÓN, DISTRIBUCIÓN, ETC. | |
| Lugar de publicación, distribución, etc. | Zacatecas, Zac. : |
| Nombre del editor, distribuidor, etc. | Federación Mexicana de Ingeniería Sanitaria y Ciencias Ambientales, |
| Fecha de publicación, distribución, etc. | 1997. |
| 300 ## - DESCRIPCIÓN FÍSICA | |
| Extensión | 3 v. : |
| Otras características físicas | cuads.; gráfs. |
| 500 ## - NOTA GENERAL | |
| Nota general | Contenido: v.1 Agua potable y potabilización. aguas residuales. tratamiento y reuso, v.2 Contaminación de aguas superficiales y subterráneas - biorregeneración de suelos. manejo y disposición de lodos. manejo y disposición de residuos sólidos, v.3 Contaminación del aire. estudios de impacto ambiental. auditorías ambientales. evaluación de riesgo. legislación sanitaria y ambiental. |
| 590 ## - NOTA LOCAL (RLIN) | |
| Nota local | BATCH-UPD |
| Procedencia (VM) [OBSOLETO] | 10 |
| Condición del los carretes individuales (VM) [OBSOLETO] | 20130110 |
| -- | UCH01 |
| -- | 0904 |
| 590 ## - NOTA LOCAL (RLIN) | |
| Nota local | BATCH-UPD |
| Procedencia (VM) [OBSOLETO] | 10 |
| Condición del los carretes individuales (VM) [OBSOLETO] | 20130410 |
| -- | UCH01 |
| -- | 0532 |
| 590 ## - NOTA LOCAL (RLIN) | |
| Nota local | BATCH-UPD |
| Procedencia (VM) [OBSOLETO] | 10 |
| Condición del los carretes individuales (VM) [OBSOLETO] | 20130913 |
| -- | UCH01 |
| -- | 2330 |
| 590 ## - NOTA LOCAL (RLIN) | |
| Nota local | BATCH-UPD |
| Procedencia (VM) [OBSOLETO] | 10 |
| Condición del los carretes individuales (VM) [OBSOLETO] | 20130914 |
| -- | UCH01 |
| -- | 1630 |
| 590 ## - NOTA LOCAL (RLIN) | |
| Nota local | CONVERSION |
| Procedencia (VM) [OBSOLETO] | 10 |
| Condición del los carretes individuales (VM) [OBSOLETO] | 20130109 |
| -- | UCH01 |
| -- | 1347 |
| 650 14 - PUNTO DE ACCESO ADICIONAL DE MATERIA--TÉRMINO DE MATERIA | |
| Término de materia o nombre geográfico como elemento de entrada | Agua potable. |
| 9 (RLIN) | 2442 |
| 650 14 - PUNTO DE ACCESO ADICIONAL DE MATERIA--TÉRMINO DE MATERIA | |
| Término de materia o nombre geográfico como elemento de entrada | Agua subterranea. |
| 9 (RLIN) | 2456 |
| 650 14 - PUNTO DE ACCESO ADICIONAL DE MATERIA--TÉRMINO DE MATERIA | |
| Término de materia o nombre geográfico como elemento de entrada | Agua |
| Subdivisión general | Purificacion. |
| 9 (RLIN) | 2397 |
| 650 14 - PUNTO DE ACCESO ADICIONAL DE MATERIA--TÉRMINO DE MATERIA | |
| Término de materia o nombre geográfico como elemento de entrada | Aguas residuales |
| Subdivisión general | Purificacion. |
| 9 (RLIN) | 2588 |
| 650 14 - PUNTO DE ACCESO ADICIONAL DE MATERIA--TÉRMINO DE MATERIA | |
| Término de materia o nombre geográfico como elemento de entrada | Aire |
| Subdivisión general | Contaminación. |
| 9 (RLIN) | 3138 |
| 650 14 - PUNTO DE ACCESO ADICIONAL DE MATERIA--TÉRMINO DE MATERIA | |
| Término de materia o nombre geográfico como elemento de entrada | Impacto ambiental. |
| 9 (RLIN) | 57465 |
| 650 14 - PUNTO DE ACCESO ADICIONAL DE MATERIA--TÉRMINO DE MATERIA | |
| Término de materia o nombre geográfico como elemento de entrada | Lodos residuales. |
| 9 (RLIN) | 67427 |
| 650 14 - PUNTO DE ACCESO ADICIONAL DE MATERIA--TÉRMINO DE MATERIA | |
| Término de materia o nombre geográfico como elemento de entrada | Medio ambiente |
| Subdivisión general | Leyes. |
| 9 (RLIN) | 74098 |
| 650 14 - PUNTO DE ACCESO ADICIONAL DE MATERIA--TÉRMINO DE MATERIA | |
| Término de materia o nombre geográfico como elemento de entrada | Residuos sólidos. |
| 9 (RLIN) | 96119 |
| 901 ## - ELEMENTOS DE DATOS A LOCAL LDA (RLIN) | |
| a | BK |
| 905 ## - ELEMENTOS DE DATOS E LOCAL, LDE (RLIN) | |
| a | Edna Luz |
| 942 ## - ELEMENTOS DE PUNTO DE ACCESO ADICIONAL (KOHA) | |
| Tipo de ítem Koha | Libro |
| 949 ## - PROCESAMIENTO DE INFORMACIÓN LOCAL (OCLC) | |
| a | 628.16 C5 |
| b | BC |
| c | LIBRO |
| d | 33724000818076 |
| e | LIBRO |
| f | v.3 c.3 |
| h | 99906 |
| i | 95288 |
| s | b |
| 949 ## - PROCESAMIENTO DE INFORMACIÓN LOCAL (OCLC) | |
| a | 628.16 C5 |
| b | BC |
| c | LIBRO |
| d | 33724000818134 |
| e | LIBRO |
| f | v.3 c.2 |
| h | 99905 |
| i | 95288 |
| s | b |
| 949 ## - PROCESAMIENTO DE INFORMACIÓN LOCAL (OCLC) | |
| a | 628.16 C5 |
| b | BC |
| c | LIBRO |
| d | 33724000818191 |
| e | LIBRO |
| f | v.3 |
| h | 99904 |
| i | 95288 |
| s | i |
| 949 ## - PROCESAMIENTO DE INFORMACIÓN LOCAL (OCLC) | |
| a | 628.16 C5 |
| b | BC |
| c | LIBRO |
| d | 33724000818258 |
| e | LIBRO |
| f | v.2 |
| h | 99902 |
| i | 95288 |
| s | i |
| 949 ## - PROCESAMIENTO DE INFORMACIÓN LOCAL (OCLC) | |
| a | 628.16 C5 |
| b | BC |
| c | LIBRO |
| d | 33724000818316 |
| e | LIBRO |
| f | v.2 c.2 |
| h | 99899 |
| i | 95288 |
| s | i |
| 949 ## - PROCESAMIENTO DE INFORMACIÓN LOCAL (OCLC) | |
| a | 628.16 C5 |
| b | BC |
| c | LIBRO |
| d | 33724000818373 |
| e | LIBRO |
| f | v.2 c.3 |
| h | 99903 |
| i | 95288 |
| s | i |
| 949 ## - PROCESAMIENTO DE INFORMACIÓN LOCAL (OCLC) | |
| a | 628.16 C5 |
| b | BC |
| c | LIBRO |
| d | 33724000818431 |
| e | LIBRO |
| f | v.1 c.3 |
| h | 99900 |
| i | 95288 |
| s | i |
| 949 ## - PROCESAMIENTO DE INFORMACIÓN LOCAL (OCLC) | |
| a | 628.16 C5 |
| b | BC |
| c | LIBRO |
| d | 33724000818498 |
| e | LIBRO |
| f | v.1 |
| h | 99898 |
| i | 95288 |
| s | i |
| 949 ## - PROCESAMIENTO DE INFORMACIÓN LOCAL (OCLC) | |
| a | 628.16 C5 |
| b | BC |
| c | LIBRO |
| d | 33724000818555 |
| e | LIBRO |
| f | v.1 c.2 |
| h | 99901 |
| i | 95288 |
| s | i |
| 949 ## - PROCESAMIENTO DE INFORMACIÓN LOCAL (OCLC) | |
| a | 628.16 C5 |
| b | BC |
| c | LIBRO |
| d | 33724002080868 |
| e | LIBRO |
| f | v.1 c.4 |
| h | 110598 |
| i | 95288 |
| s | b |
| Estado de retiro | Estado de pérdida | Fuente del sistema de clasificación o colocación | Estado dañado | Restricciones de uso | No para préstamo | Código de colección | Localización permanente | Ubicación/localización actual | Ubicación en estantería | Fecha de adquisición | Información codificada de la localización en otra ubicación | Total de préstamos | Signatura topográfica completa | Código de barras | Fecha visto por última vez | Número de copia | Precio válido a partir de | Tipo de ítem Koha |
|---|---|---|---|---|---|---|---|---|---|---|---|---|---|---|---|---|---|---|
| Dewey Decimal Classification | Préstamo 15 días | General | Biblioteca Central | Biblioteca Central | Planta principal - Colección General | 31/12/2019 | LIBRO | 628.16 C5 | 33724000818076 | 31/12/2019 | v.3 c.3 | 31/12/2019 | Libro | |||||
| Dewey Decimal Classification | Préstamo 15 días | General | Biblioteca Central | Biblioteca Central | Planta principal - Colección General | 31/12/2019 | LIBRO | 628.16 C5 | 33724000818134 | 31/12/2019 | v.3 c.2 | 31/12/2019 | Libro | |||||
| Dewey Decimal Classification | Préstamo 15 días | General | Biblioteca Central | Biblioteca Central | Planta principal - Colección General | 31/12/2019 | LIBRO | 628.16 C5 | 33724000818191 | 31/12/2019 | v.3 | 31/12/2019 | Libro | |||||
| Dewey Decimal Classification | Préstamo 15 días | General | Biblioteca Central | Biblioteca Central | Planta principal - Colección General | 31/12/2019 | LIBRO | 628.16 C5 | 33724000818258 | 31/12/2019 | v.2 | 31/12/2019 | Libro | |||||
| Dewey Decimal Classification | Préstamo 15 días | General | Biblioteca Central | Biblioteca Central | Planta principal - Colección General | 31/12/2019 | LIBRO | 628.16 C5 | 33724000818316 | 31/12/2019 | v.2 c.2 | 31/12/2019 | Libro | |||||
| Dewey Decimal Classification | Préstamo 15 días | General | Biblioteca Central | Biblioteca Central | Planta principal - Colección General | 31/12/2019 | LIBRO | 628.16 C5 | 33724000818373 | 31/12/2019 | v.2 c.3 | 31/12/2019 | Libro | |||||
| Dewey Decimal Classification | Préstamo 15 días | General | Biblioteca Central | Biblioteca Central | Planta principal - Colección General | 31/12/2019 | LIBRO | 628.16 C5 | 33724000818431 | 31/12/2019 | v.1 c.3 | 31/12/2019 | Libro | |||||
| Dewey Decimal Classification | Préstamo 15 días | General | Biblioteca Central | Biblioteca Central | Planta principal - Colección General | 31/12/2019 | LIBRO | 628.16 C5 | 33724000818498 | 31/12/2019 | v.1 | 31/12/2019 | Libro | |||||
| Dewey Decimal Classification | Préstamo 15 días | General | Biblioteca Central | Biblioteca Central | Planta principal - Colección General | 31/12/2019 | LIBRO | 628.16 C5 | 33724000818555 | 31/12/2019 | v.1 c.2 | 31/12/2019 | Libro | |||||
| Dewey Decimal Classification | Préstamo 15 días | General | Biblioteca Central | Biblioteca Central | Planta principal - Colección General | 31/12/2019 | LIBRO | 628.16 C5 | 33724002080868 | 31/12/2019 | v.1 c.4 | 31/12/2019 | Libro |
